000 00379nam a2200145Ia 4500
008 150201s1981 xx 000 0 und d
082 _a617.632
_bE1981T
100 _aTORQUIL MACPHEE
245 _aESSENTIAL OF PARIODONTOLOGY &PERIODONTICS
250 _a3RD
260 _bBLACKWELL SCIENCE PUB.
_aEDINBURGH
_c1981
300 _a1-328
650 _aPERIODONTICS
942 _2ddc
_cBK
999 _c3176
_d3176